000
00219nam a22001097a 4500
003
OSt
008
250129b |||||||| |||| 00| 0 eng d
041
_a
eng
245
_a
IS:875 (Part IV )
260
_c
1987.
942
_c
BK
999
_c
19187
_d
19187